Loading...
Literature - British Literature | 1 | 6 | 0 | 0 | 75 | 71 | 104.43 | 4 | 7 |
Literature - American Literature | 1 | 6 | 0 | 1 | 75 | 68 | 109.43 | 0 | 7 |
1 | 6 | 1 | 1 | 70 | 59 | 117.00 | 1 | 7 | |
Science - Chemistry | 1 | 5 | 1 | 0 | 60 | 54 | 86.50 | 4 | 6 |
Philosophy | 0 | 6 | 0 | 0 | 60 | 79 | 110.50 | 3 | 6 |
Literature - European Literature | 0 | 6 | 0 | 0 | 60 | 86 | 112.50 | 0 | 6 |
Fine Arts - Auditory Fine Arts | 0 | 4 | 1 | 0 | 35 | 77 | 113.00 | 0 | 4 |
Science - Physics | 0 | 3 | 0 | 0 | 30 | 105 | 113.33 | 3 | 3 |
History - American History | 0 | 3 | 0 | 1 | 30 | 85 | 108.67 | 1 | 3 |
History - World History | 0 | 2 | 0 | 0 | 20 | 107 | 113.00 | 1 | 2 |
Other Science: Earth Science | 0 | 2 | 0 | 0 | 20 | 128 | 132.50 | 0 | 2 |
Social Science | 0 | 3 | 2 | 0 | 20 | 111 | 113.00 | 0 | 3 |
Chemistry> | 0 | 2 | 0 | 0 | 20 | 83 | 85.50 | 2 | 2 |
Beliefs | 0 | 2 | 1 | 0 | 15 | 114 | 129.50 | 1 | 2 |
Other Science: Computer Science | 0 | 1 | 0 | 0 | 10 | 130 | 130.00 | 0 | 1 |
Other Science: Math | 0 | 1 | 0 | 0 | 10 | 142 | 142.00 | 0 | 1 |
Other Arts: Visual | 0 | 1 | 0 | 0 | 10 | 93 | 93.00 | 0 | 1 |
Science - Biology | 0 | 1 | 0 | 0 | 10 | 101 | 101.00 | 0 | 1 |
Fine Arts - Visual Fine Arts | 0 | 1 | 0 | 0 | 10 | 137 | 137.00 | 0 | 1 |
History - European History | 0 | 0 | 1 | 0 | -5 | 0.00 | 0 | 0 | |
Geography | 0 | 0 | 1 | 0 | -5 | 0.00 | 0 | 0 | |
Other Arts: Auditory | 0 | 0 | 1 | 0 | -5 | 0.00 | 0 | 0 |